000 00743nam a2200193Ii 4500
003 JO-AjNU
008 230605s9999||||xx |||||||||||||| ||und||
040 _aJO-AjNU
_bara
_erda
_cJO-AjNU
041 _aara
050 1 4 _aHV687 .I626 1994
100 3 _aبشير، اقبال ، م.مشارك: اقبال ابراهيم محلوف,
_eauthor
_939060
245 0 0 _aالرعاية الطبية والصحية ودور الخدمة الاجتماعية
264 3 1 _aد.م:د.ن، 1994
300 _a259ص
_bيحتوي على ببلوغرافية من 252-259ص
336 _atext
_btxt
_2rdacontent
337 _aunmediated
_bn
_2rdamedia
338 _avolume
_bnc
_2rdacarrier
650 4 _aالخدمة الاجتماعية الطبية
_939061
999 _aA16465
_c20033
_d20033